Click to Translate - Vietnamese (Clothing) - Statistics

General Stats
  • This quiz has been taken 221 times
  • The average score is 11 of 17
Answer Stats
Hint Answer % Correct
pants quần
85%
glasses kính
82%
raincoat áo mưa
79%
shoe giày
79%
hat mũ / nón
78%
coat áo khoác
75%
glove
găng tay
75%
watch đồng hồ
72%
sandal dép
61%
sock vớ
60%
(dress) shirt áo sơ mi
59%
T-shirt áo thun
58%
tie cà vạt
57%
belt dây nịt
55%
skirt váy
52%
bra áo ngực
51%
dress đầm
50%
No matching quizzes found
Score Distribution
Percent of People with Each Score
Percentile by Number Answered
Your Score History
You have not taken this quiz